000 00389nam a2200145Ia 4500
008 210210b1958 xxu||||| |||| 00| 0 eng d
082 _a665.5 SELH
100 _aSELL (G) and DOSSETT (H A), Ed.
245 _aHandbook of the petroleum industry.
260 _aLondon.
_bGeorge Newnes Ltd.
_c1958
300 _aviii,213
650 _aPetroleum
690 _aPetroleum
906 _aCC00037
999 _c109122
_d109122